Aile şirketleri : (Record no. 160454)
[ view plain ]
| 000 -LEADER | |
|---|---|
| fixed length control field | 01008 a2200349 4500 |
| 001 - CONTROL NUMBER | |
| control field | 160454 |
| 003 - CONTROL NUMBER IDENTIFIER | |
| control field | TR-AnTOB |
| 005 - DATE AND TIME OF LATEST TRANSACTION | |
| control field | 20200530173237.0 |
| 008 - FIXED-LENGTH DATA ELEMENTS--GENERAL INFORMATION | |
| fixed length control field | 120725s2005 tu 000 0 |
| 035 ## - SYSTEM CONTROL NUMBER | |
| System control number | 160454 |
| 040 ## - CATALOGING SOURCE | |
| Original cataloging agency | TR-AnTOB |
| Transcribing agency | TR-AnTOB |
| 041 ## - LANGUAGE CODE | |
| Language code of text/sound track or separate title | Türkçe |
| 050 14 - LIBRARY OF CONGRESS CALL NUMBER | |
| Classification number | HG4028.F3 |
| Item number | A84 2005 |
| 090 ## - LOCALLY ASSIGNED LC-TYPE CALL NUMBER (OCLC); LOCAL CALL NUMBER (RLIN) | |
| Classification number (OCLC) (R) ; Classification number, CALL (RLIN) (NR) | HG4028.F3 A84 2005 |
| 100 1# - MAIN ENTRY--PERSONAL NAME | |
| Personal name | Ateş, Özgür |
| 9 (RLIN) | 67077 |
| 245 #0 - TITLE STATEMENT | |
| Title | Aile şirketleri : |
| Remainder of title | değişim ve süreklilik / |
| Statement of responsibility, etc. | Özgür Ateş. |
| 264 #1 - PRODUCTION, PUBLICATION, DISTRIBUTION, MANUFACTURE, AND COPYRIGHT NOTICE | |
| Place of production, publication, distribution, manufacture | Ankara: |
| Name of producer, publisher, distributor, manufacturer | Ankara Sanayi Odası, |
| Date of production, publication, distribution, manufacture, or copyright notice | 2005. |
| 300 ## - PHYSICAL DESCRIPTION | |
| Extent | 232p. : |
| Other physical details | tabl. ; |
| Dimensions | 21 cm. |
| 336 ## - CONTENT TYPE | |
| Source | rdacontent |
| Content type term | text |
| Content type code | txt |
| 337 ## - MEDIA TYPE | |
| Source | rdamedia |
| Media type term | unmediated |
| Media type code | n |
| 338 ## - CARRIER TYPE | |
| Source | rdacarrier |
| Carrier type term | volume |
| Carrier type code | nc |
| 490 0# - SERIES STATEMENT | |
| Series statement | Ankara Sanayi Odası Yayını ; |
| Volume/sequential designation | 56 |
| 504 ## - BIBLIOGRAPHY, ETC. NOTE | |
| Bibliography, etc. note | |
| 650 ## - SUBJECT ADDED ENTRY--TOPICAL TERM | |
| Topical term or geographic name entry element | Family corporations |
| Geographic subdivision | Turkey |
| 9 (RLIN) | 31940 |
| Topical term or geographic name entry element | Aile şirketleri |
| Source of heading or term | etuturkob |
| 9 (RLIN) | 6748 |
| 710 #2 - ADDED ENTRY--CORPORATE NAME | |
| Corporate name or jurisdiction name as entry element | Ankara Sanayi Odası |
| 9 (RLIN) | 118769 |
| 902 ## - LOCAL DATA ELEMENT B, LDB (RLIN) | |
| a | T001178 |
| 903 ## - LOCAL DATA ELEMENT C, LDC (RLIN) | |
| a | TOBB Özel Koleksiyonu |
| 942 ## - ADDED ENTRY ELEMENTS (KOHA) | |
| Koha item type | Book |
| Source of classification or shelving scheme | Library of Congress Classification |
| 945 ## - LOCAL PROCESSING INFORMATION (OCLC) | |
| a | MC |
| Withdrawn status | Lost status | Source of classification or shelving scheme | Materials specified (bound volume or other part) | Not for loan | Collection code | Home library | Current library | Shelving location | Date acquired | Source of acquisition | Cost, normal purchase price | Serial Enumeration / chronology | Inventory number | Total Checkouts | Total Holds | Full call number | Barcode | Copy number | Date shelved | Koha item type | Public note |
|---|---|---|---|---|---|---|---|---|---|---|---|---|---|---|---|---|---|---|---|---|---|
| c.1 | Ödünç Verilemez-Referans Kaynağı / Not For Loan-Reference | TOBB Kütüphanesi Bağış Koleksiyonu - Klasik | Merkez Kütüphane | Merkez Kütüphane | TOBB Bağışı Koleksiyonu / TOBB Gift Collection | 21/12/2008 | Bağış / Donation | 0.01 | 1 | İKT/İŞL | HG4028.F3 A84 2005 | T001178 | 1 | 21/04/2010 | Book | Referans Kaynağı |
